| 000 | 00420nam a22001457a 4500 | ||
|---|---|---|---|
| 999 |
_c95804 _d95804 |
||
| 005 | 20220119123214.0 | ||
| 008 | 170727b xxu||||| |||| 00| 0 eng d | ||
| 040 | _cPK-LaUMT | ||
| 082 |
_a346.00264095491 _bCIV- |
||
| 245 |
_aCivil law cases [CLC] [2016, Vol. XXXVIII] / _cedited by Muhammad Anwar Khokhar |
||
| 260 |
_aLahore : _bPLD Publishers, _c2016 |
||
| 300 | _a3 vols. | ||
| 650 | _aCivil law cases | ||
| 942 | _cLPJ | ||